G20 and Emerging Europe: Is There Anything Left for the EU to Do? (Record no. 8508)

MARC details
000 -LEADER
fixed length control field 01253nam a22002777u 4500
001 - CONTROL NUMBER
control field pwiiw0634
003 - CONTROL NUMBER IDENTIFIER
control field OSt
005 - DATE AND TIME OF LATEST TRANSACTION
control field 20260516120038.0
008 - FIXED-LENGTH DATA ELEMENTS--GENERAL INFORMATION
fixed length control field 090428t2009 au ||||| |||| 00| ||eng d
040 ## - CATALOGING SOURCE
Transcribing agency OSt
041 ## - LANGUAGE CODE
Language code of text/sound track or separate title eng
100 1# - MAIN ENTRY--PERSONAL NAME
Personal name Gligorov, Vladimir
245 10 - TITLE STATEMENT
Title G20 and Emerging Europe: Is There Anything Left for the EU to Do?
260 ## - PUBLICATION, DISTRIBUTION, ETC.
Place of publication, distribution, etc. Wien :
Name of publisher, distributor, etc. Wiener Institut für Internationale Wirtschaftsvergleiche (wiiw),
Date of publication, distribution, etc. 2009.
300 ## - PHYSICAL DESCRIPTION
Extent 5 S.,
Other physical details
Dimensions 30cm.
490 1# - SERIES STATEMENT
Series statement wiiw Policy Notes and Reports
Volume/sequential designation 3
520 ## - SUMMARY, ETC.
Summary, etc. This piece argues that three specific policy issues need to be addressed urgently in Central, Eastern and Southeastern Europe in order to avoid a sustained period of recession or depression: (i) orderly exchange rate adjustment (ii) fiscal stress and (iii) financial sector vulnerability. The G-20 Declaration supports significantly the role of the IMF in the current crisis, but there is a need for an additional determined effort by the EU.<br/>
651 ## - SUBJECT ADDED ENTRY--GEOGRAPHIC NAME
Geographic name Visegrad countries
651 ## - SUBJECT ADDED ENTRY--GEOGRAPHIC NAME
Geographic name European Union
651 ## - SUBJECT ADDED ENTRY--GEOGRAPHIC NAME
Geographic name New EU Member States
651 ## - SUBJECT ADDED ENTRY--GEOGRAPHIC NAME
Geographic name SEE
700 1# - ADDED ENTRY--PERSONAL NAME
Personal name Landesmann, Michael
830 #0 - SERIES ADDED ENTRY--UNIFORM TITLE
Volume/sequential designation 3
Bibliographic record control number WIIW0000092
Title of a work wiiw Policy Notes and Reports
856 40 - ELECTRONIC LOCATION AND ACCESS
Uniform Resource Identifier <a href="https://wiiw.ac.at/p-634.html">https://wiiw.ac.at/p-634.html</a>
942 ## - ADDED ENTRY ELEMENTS (KOHA)
Koha item type Paper
Holdings
Withdrawn status Lost status Damaged status Not for loan Home library Current library Shelving location Date acquired Inventory number Total Checkouts Full call number Barcode Date last seen Price effective from Koha item type
        WIIW WIIW Library 04/28/2009 pwiiw0634   /3 1000010000634 04/28/2009 07/19/2018 Paper
The Vienna Instiute for International Economic Studies (wiiw)